Кадастровая деятельность: учебник

Sonraí bibleagrafaíochta
Príomhchruthaitheoir: Варламов А. А. Анатолий Александрович
Rannpháirtithe: Гальченко С. А. Светлана Альбертовна (редактор), Аврунев Е. И. Евгений Ильич
Achoimre:В учебнике раскрыто содержание нормативно-правового регулирования в сфере кадастровой деятельности, показаны проблемы формирования ин­ститута кадастровых инженеров в Российской Федерации. Приведены тех­нологические схемы выполнения кадастровых работ, в том числе по кадаст­ровому учету объектов недвижимости. Рассмотрены теоретические и мето­дические вопросы организации и планирования выполнения геодезических измерений при выполнении землеустроительных и кадастровых работ.Учебник предназначен для студентов высших учебных заведений, обу­чающихся по направлению подготовки 21.03.02 «Землеустройство и ка­дастры».
Teanga:Rúisis
Foilsithe / Cruthaithe: Москва, Форум, 2015
Sraith:Высшее образование. Бакалавриат
Ábhair:
Formáid: LEABHAR
KOHA link:https://koha.lib.tpu.ru/cgi-bin/koha/opac-detail.pl?biblionumber=282663

MARC

LEADER 00000nam0a2200000 4500
001 282663
005 20231101235523.0
010 |a 9785000910320 
010 |a 978-5-16-010684-7 
035 |a (RuTPU)RU\TPU\book\306607 
090 |a 282663 
100 |a 20150202d2015 m y0rusy50 ca 
101 0 |a rus 
102 |a RU 
105 |a a j 001zy 
200 1 |a Кадастровая деятельность  |e учебник  |f А. А. Варламов, С. А. Гальченко, Е. И. Аврунев 
210 |a Москва  |c Форум  |c Инфра-М  |d 2015 
215 |a 256 с.  |c ил. 
225 1 |a Высшее образование. Бакалавриат 
320 |a Библиогр.: с. 251-252. 
330 |a В учебнике раскрыто содержание нормативно-правового регулирования в сфере кадастровой деятельности, показаны проблемы формирования ин­ститута кадастровых инженеров в Российской Федерации. Приведены тех­нологические схемы выполнения кадастровых работ, в том числе по кадаст­ровому учету объектов недвижимости. Рассмотрены теоретические и мето­дические вопросы организации и планирования выполнения геодезических измерений при выполнении землеустроительных и кадастровых работ.Учебник предназначен для студентов высших учебных заведений, обу­чающихся по направлению подготовки 21.03.02 «Землеустройство и ка­дастры». 
606 1 |a Кадастровая деятельность  |2 stltpush  |3 (RuTPU)RU\TPU\subj\71955  |9 85613 
610 1 |a кадастровые работы 
610 1 |a системы координат 
610 1 |a экономика 
610 1 |a проблемные ситуации 
610 1 |a межевые сети 
610 1 |a учебники 
675 |a 528.48(075.8)  |v 4 
700 1 |a Варламов  |b А. А.  |g Анатолий Александрович 
701 1 |a Гальченко  |b С. А.  |g Светлана Альбертовна 
701 1 |a Аврунев  |b Е. И.  |g Евгений Ильич 
702 1 |a Варламов  |b А. А.  |g Анатолий Александрович  |4 340 
801 1 |a RU  |b 63413507  |c 20150202 
801 2 |a RU  |b 63413507  |c 20150702  |g RCR 
942 |c BK 
959 |a 10/20150202  |d 5  |e 399,90  |f ЧЗТЛ:1  |f АНЛ:1  |f УФ:3